[Event "Croatian junior league 2021"]
[Site "Rabac"]
[Date "2021.04.08"]
[Round "5.20"]
[White "Novosel, Marko"]
[Black "Levacic, Matej"]
[Result "*"]
[WhiteElo "2130"]
[BlackElo "2144"]
[Annotator "RC"]
[PlyCount "42"]
[EventDate "2021.04.06"]
[EventType "swiss"]
[EventCountry "CRO"]
[SourceTitle "playchess.com"]
[Source "ChessBase"]
[SourceQuality "1"]
[TimeControl "5400+30"]

1. d4 {[%emt 0:00:47]} f5 {[%emt 0:00:00]} 2. g3 {[%emt 0:00:08]} Nf6 {[%emt 0:00:00]} 3. Bg2 {[%emt 0:00:07]} g6 {[%emt 0:00:00]} 4. Nh3 {[%emt 0:00:34]} Bg7 {[%emt 0:00:00]} 5. O-O {[%emt 0:00:13]} O-O {[%emt 0:00:01]} 6. b3 {[%emt 0:02:53]} d6 {[%emt 0:00:16]} 7. Bb2 {[%emt 0:00:52]} c6 {[%emt 0:00:21]} 8. Nd2 {[%emt 0:00:14]} Qc7 {[%emt 0:03:44]} 9. c4 {[%emt 0:06:07]} e5 {[%emt 0:03:52]} 10. e3 {[%emt 0:02:06]} e4 {[%emt 0:03:22]} 11. Qc2 {[%emt 0:00:52]} Be6 {[%emt 0:01:43]} 12. b4 {[%emt 0:04:15]} h6 {[%emt 0:02:17]} 13. Nf4 {[%emt 0:01:20]} Bf7 {[%emt 0:00:12]} 14. Rfc1 {[%emt 0:00:50]} g5 {[%emt 0:01:23]} 15. Ne2 {[%emt 0:00:24]} Qd7 {[%emt 0:00:08]} 16. a4 {[%emt 0:05:26]} Na6 {[%emt 0:03:48]} 17. Bc3 {[%emt 0:02:12]} Rac8 {[%emt 0:04:53]} 18. Qb2 {[%emt 0:12:31]} Bh5 {[%emt 0:07:54]} 19. Re1 {[%emt 0:02:34]} Nc7 {[%emt 0:04:35]} 20. b5 {[%emt 0:05:25]} Ne6 {[%emt 0:05:24]} 21. Rab1 {[%emt 0:01:44]} c5 {[%emt 0:02:51]} *

[Event "Croatian junior league 2021"]
[Site "Rabac"]
[Date "2021.04.08"]
[Round "5.20"]
[White "Begic, Domagoj"]
[Black "Colev, Ivor"]
[Result "1-0"]
[WhiteElo "1706"]
[BlackElo "1847"]
[Annotator "NA"]
[PlyCount "115"]
[EventDate "2021.04.06"]
[EventType "swiss"]
[EventCountry "CRO"]
[SourceTitle "playchess.com"]
[Source "ChessBase"]
[SourceQuality "1"]
[TimeControl "5400+30"]

1. d4 {[%emt 0:00:47]} f5 {[%emt 0:00:00]} 2. g3 {[%emt 0:00:08]} Nf6 {[%emt 0:00:00]} 3. Bg2 {[%emt 0:00:07]} g6 {[%emt 0:00:00]} 4. Nh3 {[%emt 0:00:34]} Bg7 {[%emt 0:00:00]} 5. O-O {[%emt 0:00:13]} O-O $11 {[%emt 0:00:01]} 6. b3 {[%emt 0:02:53]} d6 {[%emt 0:00:16]} 7. Bb2 {[%emt 0:00:52]} c6 {[%emt 0:00:21]} 8. Nd2 {[%emt 0:00:14]} Qc7 {[%emt 0:03:44]} 9. c4 {[%emt 0:06:07]} e5 {[%emt 0:03:52]} 10. e3 {[%emt 0:02:06]} e4 {[%emt 0:03:22]} 11. Qc2 {[%emt 0:00:52]} Be6 {[%emt 0:01:43]} 12. b4 {[%emt 0:04:15]} h6 {[%emt 0:02:17]} 13. Nf4 {[%emt 0:01:20]} Bf7 {[%emt 0:00:12]} 14. Rfc1 {[%emt 0:00:50]} g5 {[%emt 0:01:23]} 15. Ne2 {[%emt 0:00:24]} Qd7 {[%emt 0:00:08]} 16. a4 {[%emt 0:05:26]} Na6 {[%emt 0:03:48]} 17. Bc3 {[%emt 0:02:12]} Rac8 {[%emt 0:04:53]} 18. Qb2 {[%emt 0:12:31]} Bh5 {[%emt 0:07:54]} 19. Re1 {[%emt 0:02:34]} Nc7 {[%emt 0:04:35]} 20. b5 {[%emt 0:05:25]} Ne6 {[%emt 0:05:24]} 21. Rab1 {[%emt 0:01:44]} c5 {[%emt 0:02:51]} 22. Nc1 {[%emt 0:12:00]} cxd4 {[%emt 0:21:39]} 23. Bxd4 {[%emt 0:03:36]} Nxd4 {[%emt 0:00:18]} 24. Qxd4 {[%emt 0:01:15]} Ng4 {[%emt 0:02:31]} 25. Qxa7 {[%emt 0:02:01]} Bc3 {[%emt 0:00:37]} 26. Ncb3 {[%emt 0:02:34]} Ne5 {[%emt 0:03:21]} 27. Rec1 {[%emt 0:07:58]} Ra8 {[%emt 0:06:29]} 28. Qb6 {[%emt 0:01:34]} Bb4 {[%emt 0:00:08]} 29. Bf1 {[%emt 0:09:12]} Rxa4 {[%emt 0:06:18]} 30. c5 {[%emt 0:04:07]} dxc5 {[%emt 0:14:43]} 31. Qxh6 {[%emt 0:00:59]} Bg6 {[%emt 0:00:03]} 32. Nc4 {[%emt 0:01:14]} Nf3+ {[%emt 0:01:14]} 33. Kg2 {[%emt 0:01:12]} Qe6 {[%emt 0:00:20]} 34. Nb2 {[%emt 0:01:05]} Raa8 {[%emt 0:00:13]} 35. Bc4 {[%emt 0:00:15]} Rf6 {[%emt 0:02:10]} 36. Bxe6+ {[%emt 0:02:33]} Rxe6 {[%emt 0:00:04]} 37. Nxc5 {[%emt 0:00:49]} Bxc5 {[%emt 0:00:05]} 38. Rxc5 {[%emt 0:00:13]} Bf7 {[%emt 0:00:08]} 39. Qxe6 {[%emt 0:00:41]} Bxe6 {[%emt 0:00:01]} 40. Nc4 {[%emt 0:01:27]} Bxc4 {[%emt 0:00:39]} 41. Rxc4 {[%emt 0:00:18]} Nd2 {[%emt 0:00:04]} 42. Rbc1 {[%emt 0:00:11]} Nxc4 {[%emt 0:00:04]} 43. Rxc4 {[%emt 0:00:06]} Rb8 {[%emt 0:01:43]} 44. Rc5 {[%emt 0:00:09]} Rf8 {[%emt 0:00:12]} 45. h3 {[%emt 0:00:56]} Rf7 {[%emt 0:00:12]} 46. g4 {[%emt 0:00:15]} Kg7 {[%emt 0:01:50]} 47. Rd5 {[%emt 0:03:00]} Kg6 {[%emt 0:00:53]} 48. Rxf5 {[%emt 0:00:57]} Rxf5 {[%emt 0:00:38]} 49. gxf5+ {[%emt 0:00:07]} Kxf5 {[%emt 0:00:05]} 50. Kg3 {[%emt 0:00:08]} b6 {[%emt 0:00:07]} 51. h4 {[%emt 0:00:51]} g4 {[%emt 0:00:07]} 52. h5 {[%emt 0:00:10]} Kg5 {[%emt 0:00:29]} 53. h6 {[%emt 0:00:08]} Kxh6 {[%emt 0:00:04]} 54. Kxg4 {[%emt 0:00:05]} Kg6 {[%emt 0:00:02]} 55. Kf4 {[%emt 0:00:06]} Kf6 {[%emt 0:00:03]} 56. Kxe4 {[%emt 0:00:08]} Ke6 {[%emt 0:00:01]} 57. f4 {[%emt 0:00:26]} Kd6 {[%emt 0:00:11]} 58. Kd4 {[%emt 0:00:07]} 1-0

[Event "Croatian junior league 2021"]
[Site "Rabac"]
[Date "2021.04.08"]
[Round "5.21"]
[White "Ljubicic, Mario"]
[Black "Klapac, Patrik"]
[Result "*"]
[WhiteElo "2036"]
[BlackElo "1780"]
[Annotator "TA"]
[PlyCount "61"]
[EventDate "2021.04.06"]
[EventType "swiss"]
[EventCountry "CRO"]
[SourceTitle "playchess.com"]
[Source "ChessBase"]
[SourceQuality "1"]

{[%evp 9,61,0,19,11,23,25,58,39,67,54,229,173,201,118,431,417,399,387,386,387,349,287,292,219,222,260,250,112,103,110,114,94,77,37,77,39,34,39,42,49,47,53,85,54,45,43,121,83,239,29,44,31,31,26]} 1. d4 d5 2. Nf3 e6 3. Bf4 Bd6 4. Bg3 Nf6 5. e3 c6 6. Bd3 {D02: 1 d4 d5 2 Nf3 sidelines, including 2...Nf6 3 g3 and 2...Nf6 3 Bf4.} Qc7 7. c4 {[#]} b6 $146 ({Predecessor:} 7... Bxg3 8. hxg3 Nbd7 9. Qc2 h6 10. Nc3 Qd6 11. Rd1 b6 12. O-O Bb7 13. e4 dxe4 14. Nxe4 Nxe4 15. Bxe4 {0-1 (41) Van Niekerk,R-Birgelir,M (1816) Kemer 2009}) 8. Nc3 Nbd7 9. Rc1 {Black must now prevent cxd5.} Ba6 $2 (9... dxc4 $14 10. Bxc4 O-O) 10. cxd5 Bxd3 11. Qxd3 (11. dxe6 $18 Bc4 12. exd7+ Qxd7 13. Bxd6 Qxd6 14. Qa4) 11... exd5 $2 {[%mdl 8192] [#]} (11... Nxd5 $16 {is a better chance.} 12. a3 Nxc3) 12. Nb5 $1 $18 {[%cal Rb5c7][%mdl 576] Double Attack, Pin} Bb4+ 13. Kf1 Qb7 14. Nc7+ {[%mdl 64] Double Attack} Ke7 15. Nxa8 Rxa8 16. a3 Bd6 17. Bxd6+ Kxd6 18. Ne5 (18. Ng5 $18 {is more deadly.}) 18... Nxe5 $16 19. dxe5+ Kxe5 20. Qd4+ Ke6 21. Ke2 Qa6+ 22. Ke1 c5 23. Qd2 Ne4 24. Qe2 Qa5+ 25. Kf1 g6 26. g3 f5 27. Kg2 Rd8 ({Black should try} 27... Qd2 $14 28. Qxd2 Nxd2) 28. Rhd1 {f3 is the strong threat.} Nf6 $2 {[#]} (28... Qa4 $16) 29. Qf3 $2 (29. b4 $1 $18 {[%cal Rb4a5]} Qxa3 30. bxc5) 29... Qb5 $11 30. b4 c4 31. Qf4 {Weighted Error Value: White=0.34/Black=0.55} *

[Event "Croatian junior league 2021"]
[Site "Rabac"]
[Date "2021.04.08"]
[Round "5.22"]
[White "Jakovic, Roko"]
[Black "Mijic, Karlo"]
[Result "*"]
[WhiteElo "1846"]
[BlackElo "1599"]
[Annotator "NA"]
[PlyCount "37"]
[EventDate "2021.04.06"]
[EventType "swiss"]
[EventCountry "CRO"]
[SourceTitle "playchess.com"]
[Source "ChessBase"]
[SourceQuality "1"]
[TimeControl "5400+30"]

1. d4 {[%emt 0:00:00]} Nf6 {[%emt 0:00:00]} 2. Nf3 {[%emt 0:00:15]} e6 {[%emt 0:00:00]} 3. Bf4 {[%emt 0:00:00]} c5 {[%emt 0:00:00]} 4. c3 {[%emt 0:03:38]} Qb6 {[%emt 0:00:27]} 5. Qc2 {[%emt 0:01:29]} Nc6 {[%emt 0:00:58]} 6. e3 {[%emt 0:00:46]} d5 {[%emt 0:02:06]} 7. Bd3 {[%emt 0:01:02]} h6 {[%emt 0:00:39]} 8. h4 {[%emt 0:01:00]} Bd7 {[%emt 0:01:18]} 9. Nbd2 {[%emt 0:01:08]} Rc8 {[%emt 0:02:05]} 10. Qd1 {[%emt 0:01:44]} Qxb2 {[%emt 0:02:09]} 11. Qc1 {[%emt 0:11:34]} Qxc1+ {[%emt 0:04:01]} 12. Rxc1 {[%emt 0:00:35]} cxd4 {[%emt 0:03:19]} 13. cxd4 {[%emt 0:00:43]} Bb4 $17 {[%emt 0:00:30]} 14. Ke2 {[%emt 0:02:17]} Ke7 {[%emt 0:05:29]} 15. Rb1 {[%emt 0:02:34]} b6 {[%emt 0:07:34]} 16. Ne5 {[%emt 0:05:35]} Bxd2 {[%emt 0:12:05]} 17. Nxc6+ {[%emt 0:03:36]} Bxc6 {[%emt 0:05:06]} 18. Kxd2 {[%emt 0:01:40]} Bb7 {[%emt 0:00:50]} 19. f3 {[%emt 0:02:06]} *

[Event "Croatian junior league 2021"]
[Site "Rabac"]
[Date "2021.04.08"]
[Round "5.23"]
[White "Bedic, Noemi"]
[Black "Veverec, Ivo"]
[Result "*"]
[WhiteElo "1587"]
[BlackElo "1786"]
[Annotator "NA"]
[PlyCount "72"]
[EventDate "2021.04.06"]
[EventType "swiss"]
[EventCountry "CRO"]
[SourceTitle "playchess.com"]
[Source "ChessBase"]
[SourceQuality "1"]
[TimeControl "5400+30"]

1. e4 {[%emt 0:00:00]} e6 {[%emt 0:02:05]} 2. d4 {[%emt 0:00:00]} b6 {[%emt 0:01:55]} 3. g3 {[%emt 0:00:43]} Bb7 {[%emt 0:02:06]} 4. Bg2 {[%emt 0:00:15]} Bb4+ {[%emt 0:01:22]} 5. Bd2 {[%emt 0:01:18]} Bxd2+ {[%emt 0:01:51]} 6. Qxd2 {[%emt 0:00:15]} d6 {[%emt 0:02:30]} 7. Ne2 {[%emt 0:00:16]} Ne7 {[%emt 0:03:19]} 8. O-O {[%emt 0:01:13]} O-O {[%emt 0:02:23]} 9. Nbc3 {[%emt 0:00:06]} Nd7 {[%emt 0:03:10]} 10. f4 {[%emt 0:00:25]} c5 {[%emt 0:03:40]} 11. Rad1 {[%emt 0:01:16]} Nf6 {[%emt 0:04:33]} 12. e5 {[%emt 0:01:53]} Nfd5 {[%emt 0:03:32]} 13. Nxd5 {[%emt 0:01:26]} Bxd5 {[%emt 0:01:25]} 14. Bxd5 {[%emt 0:00:14]} Nxd5 {[%emt 0:00:39]} 15. c4 {[%emt 0:00:14]} Nc7 {[%emt 0:05:43]} 16. dxc5 {[%emt 0:02:31]} dxc5 {[%emt 0:01:21]} 17. Nc3 {[%emt 0:00:49]} Qxd2 {[%emt 0:06:14]} 18. Rxd2 {[%emt 0:00:02]} Rfd8 {[%emt 0:01:43]} 19. Rd6 {[%emt 0:00:01]} Ne8 {[%emt 0:04:18]} 20. Rdd1 {[%emt 0:00:47]} Kf8 {[%emt 0:02:33]} 21. Ne4 {[%emt 0:01:28]} Ke7 {[%emt 0:04:46]} 22. Kf2 {[%emt 0:00:10]} f6 {[%emt 0:02:52]} 23. Ke3 {[%emt 0:01:45]} Rd7 {[%emt 0:02:27]} 24. exf6+ {[%emt 0:05:45]} gxf6 {[%emt 0:02:43]} 25. Rxd7+ {[%emt 0:00:19]} Kxd7 {[%emt 0:00:11]} 26. Rd1+ {[%emt 0:00:08]} Ke7 {[%emt 0:00:29]} 27. g4 {[%emt 0:00:54]} Rd8 {[%emt 0:02:30]} 28. Rxd8 {[%emt 0:00:03]} Kxd8 {[%emt 0:00:12]} 29. g5 {[%emt 0:00:24]} Ke7 {[%emt 0:01:29]} 30. h4 {[%emt 0:01:28]} f5 {[%emt 0:01:37]} 31. Nc3 {[%emt 0:00:09]} Nd6 {[%emt 0:01:33]} 32. Kd3 {[%emt 0:00:27]} Kd7 {[%emt 0:02:16]} 33. h5 {[%emt 0:00:05]} Ke7 {[%emt 0:00:20]} 34. h6 {[%emt 0:00:24]} Kf7 {[%emt 0:00:51]} 35. Nb5 {[%emt 0:00:16]} Nxb5 {[%emt 0:00:51]} 36. cxb5 {[%emt 0:00:03]} Kg6 {[%emt 0:00:50]} *

[Event "Croatian junior league 2021"]
[Site "Rabac"]
[Date "2021.04.08"]
[Round "6.1"]
[White "Levacic, Matej"]
[Black "Alfirevic, Duje"]
[Result "1-0"]
[WhiteElo "2144"]
[BlackElo "1996"]
[Annotator "NA"]
[PlyCount "67"]
[EventDate "2021.04.06"]
[EventType "swiss"]
[EventCountry "CRO"]
[SourceTitle "playchess.com"]
[Source "ChessBase"]
[SourceQuality "1"]
[TimeControl "5400+30"]

1. d4 {[%emt 0:04:34]} Nf6 {[%emt 0:00:00]} 2. c4 {[%emt 0:00:36]} g6 {[%emt 0:00:13]} 3. Nc3 {[%emt 0:00:42]} d5 {[%emt 0:00:28]} 4. cxd5 {[%emt 0:04:32]} Nxd5 {[%emt 0:00:16]} 5. e4 {[%emt 0:00:19]} Nxc3 {[%emt 0:00:09]} 6. bxc3 {[%emt 0:00:01]} Bg7 {[%emt 0:00:23]} 7. Be3 {[%emt 0:00:25]} O-O {[%emt 0:00:56]} 8. Nf3 {[%emt 0:02:08]} c5 {[%emt 0:00:49]} 9. Rb1 {[%emt 0:04:08]} Nc6 {[%emt 0:06:04]} 10. Qd2 {[%emt 0:01:56]} cxd4 {[%emt 0:04:42]} 11. cxd4 {[%emt 0:00:09]} Qa5 {[%emt 0:12:12]} 12. Bb5 {[%emt 0:09:43]} Qxd2+ {[%emt 0:04:57]} 13. Kxd2 {[%emt 0:00:08]} Rd8 {[%emt 0:00:53]} 14. Bxc6 {[%emt 0:04:42]} bxc6 {[%emt 0:00:04]} 15. Rhc1 {[%emt 0:03:02]} e5 {[%emt 0:03:42]} 16. Rxc6 {[%emt 0:01:44]} exd4 {[%emt 0:01:09]} 17. Bf4 {[%emt 0:04:51]} Re8 {[%emt 0:10:26]} 18. Kd3 {[%emt 0:05:39]} Bd7 {[%emt 0:13:05]} 19. Rcc1 {[%emt 0:12:51]} Rad8 {[%emt 0:06:31]} 20. Bc7 {[%emt 0:07:59]} Rc8 {[%emt 0:04:38]} 21. Nxd4 {[%emt 0:01:34]} Bxd4 {[%emt 0:03:22]} 22. Kxd4 {[%emt 0:00:38]} Rxe4+ {[%emt 0:01:48]} 23. Kxe4 {[%emt 0:00:26]} Bf5+ {[%emt 0:00:08]} 24. Kd5 {[%emt 0:01:35]} Bxb1 {[%emt 0:00:14]} 25. Rxb1 {[%emt 0:00:21]} Rxc7 {[%emt 0:00:14]} 26. Rb2 {[%emt 0:06:16]} Kg7 {[%emt 0:01:37]} 27. a4 {[%emt 0:02:08]} Rd7+ {[%emt 0:18:10]} 28. Kc6 {[%emt 0:00:18]} Rd4 {[%emt 0:00:28]} 29. Kb5 {[%emt 0:02:09]} Rd6 {[%emt 0:01:23]} 30. a5 {[%emt 0:00:40]} Kf6 {[%emt 0:02:07]} 31. Rc2 {[%emt 0:01:03]} a6+ {[%emt 0:00:50]} 32. Kc5 {[%emt 0:00:21]} Rd8 {[%emt 0:02:39]} 33. Kb6 {[%emt 0:00:43]} Rb8+ {[%emt 0:01:06]} 34. Kxa6 {[%emt 0:00:14]} 1-0

[Event "Croatian junior league 2021"]
[Site "Rabac"]
[Date "2021.04.08"]
[Round "6.2"]
[White "Vucenovic, Damian"]
[Black "Ljubicic, Mario"]
[Result "0-1"]
[WhiteElo "1980"]
[BlackElo "1961"]
[Annotator "NA"]
[PlyCount "88"]
[EventDate "2021.04.06"]
[EventType "swiss"]
[EventCountry "CRO"]
[SourceTitle "playchess.com"]
[Source "ChessBase"]
[SourceQuality "1"]
[TimeControl "5400+30"]

1. e4 {[%emt 0:00:00]} e5 {[%emt 0:03:12]} 2. Nf3 {[%emt 0:00:11]} Nc6 {[%emt 0:00:21]} 3. Bc4 {[%emt 0:00:34]} Nf6 {[%emt 0:00:07]} 4. d3 {[%emt 0:00:41]} Bc5 {[%emt 0:00:15]} 5. c3 {[%emt 0:00:44]} d6 {[%emt 0:01:03]} 6. Nbd2 {[%emt 0:00:59]} a6 {[%emt 0:00:09]} 7. O-O {[%emt 0:02:43]} Ba7 {[%emt 0:00:23]} 8. Bb3 {[%emt 0:01:28]} O-O {[%emt 0:00:49]} 9. Re1 {[%emt 0:02:53]} Ng4 {[%emt 0:09:09]} 10. Re2 {[%emt 0:05:52]} Kh8 {[%emt 0:03:08]} 11. Nf1 {[%emt 0:07:46]} f5 {[%emt 0:02:54]} 12. exf5 {[%emt 0:06:37]} Bxf5 {[%emt 0:03:16]} 13. Ne3 {[%emt 0:04:01]} Nxe3 {[%emt 0:04:06]} 14. Bxe3 {[%emt 0:02:31]} e4 {[%emt 0:21:47]} 15. dxe4 {[%emt 0:04:15]} Bg4 {[%emt 0:05:35]} 16. Nd4 {[%emt 0:11:54]} Bxe2 {[%emt 0:02:54]} 17. Qxe2 {[%emt 0:01:05]} Nxd4 {[%emt 0:04:07]} 18. cxd4 {[%emt 0:00:17]} Qh4 {[%emt 0:02:26]} 19. Qd3 {[%emt 0:05:18]} Rfe8 {[%emt 0:05:42]} 20. Bc2 {[%emt 0:01:45]} c5 {[%emt 0:08:04]} 21. d5 {[%emt 0:13:36]} b5 {[%emt 0:02:42]} 22. Qd2 {[%emt 0:02:15]} c4 {[%emt 0:03:30]} 23. Bxa7 {[%emt 0:01:57]} Rxa7 {[%emt 0:00:05]} 24. f4 {[%emt 0:00:30]} Qf6 {[%emt 0:01:08]} 25. Rb1 {[%emt 0:03:51]} Rf7 {[%emt 0:01:23]} 26. g3 {[%emt 0:01:28]} h6 {[%emt 0:01:05]} 27. b3 {[%emt 0:01:48]} cxb3 {[%emt 0:01:22]} 28. axb3 {[%emt 0:00:51]} Rc7 {[%emt 0:02:01]} 29. Re1 {[%emt 0:02:46]} Qb2 {[%emt 0:01:16]} 30. Re2 {[%emt 0:00:22]} Rec8 {[%emt 0:00:57]} 31. Bd1 {[%emt 0:02:22]} Qb1 {[%emt 0:02:44]} 32. Re1 {[%emt 0:03:48]} Rc1 {[%emt 0:00:50]} 33. Kf1 {[%emt 0:00:27]} R8c3 {[%emt 0:02:09]} 34. Ke2 {[%emt 0:07:10]} Qxe4+ {[%emt 0:01:58]} 35. Kf2 {[%emt 0:00:27]} Qg6 {[%emt 0:02:32]} 36. Kg1 {[%emt 0:01:46]} Qb1 {[%emt 0:00:52]} 37. Kf2 {[%emt 0:00:48]} Rd3 {[%emt 0:00:57]} 38. Re8+ {[%emt 0:00:41]} Kh7 {[%emt 0:00:02]} 39. Qe2 {[%emt 0:00:25]} Rdxd1 {[%emt 0:00:24]} 40. Qe6 {[%emt 0:00:09]} Rd2+ {[%emt 0:01:06]} 41. Kf3 {[%emt 0:00:10]} Rf1+ {[%emt 0:00:33]} 42. Kg4 {[%emt 0:00:08]} Qd1+ {[%emt 0:00:39]} 43. Kf5 {[%emt 0:01:21]} Qh5+ {[%emt 0:00:14]} 44. Ke4 {[%emt 0:00:07]} Re1# {[%emt 0:00:05]} 0-1

[Event "Croatian junior league 2021"]
[Site "Rabac"]
[Date "2021.04.08"]
[Round "6.3"]
[White "Mijic, Karlo"]
[Black "Dumancic, Simun"]
[Result "1/2-1/2"]
[WhiteElo "1599"]
[BlackElo "1883"]
[Annotator "NA"]
[PlyCount "84"]
[EventDate "2021.04.06"]
[EventType "swiss"]
[EventCountry "CRO"]
[SourceTitle "playchess.com"]
[Source "ChessBase"]
[SourceQuality "1"]
[TimeControl "5400+30"]

1. e4 {[%emt 0:02:30]} c5 {[%emt 0:00:00]} 2. Nf3 {[%emt 0:00:04]} Nc6 {[%emt 0:00:00]} 3. Bb5 {[%emt 0:00:09]} e5 {[%emt 0:00:00]} 4. O-O {[%emt 0:00:13]} Bd6 {[%emt 0:00:04]} 5. c3 {[%emt 0:00:03]} a6 {[%emt 0:00:35]} 6. Ba4 {[%emt 0:00:06]} Nf6 {[%emt 0:00:16]} 7. d4 {[%emt 0:00:12]} b5 {[%emt 0:21:29]} 8. dxe5 {[%emt 0:01:36]} Bxe5 {[%emt 0:00:28]} 9. Nxe5 {[%emt 0:00:13]} Nxe5 {[%emt 0:00:25]} 10. Qd6 {[%emt 0:11:07]} Qe7 {[%emt 0:04:17]} 11. Qxe7+ {[%emt 0:00:06]} Kxe7 {[%emt 0:00:02]} 12. Bc2 {[%emt 0:00:08]} Bb7 {[%emt 0:04:13]} 13. Re1 {[%emt 0:03:00]} Rhe8 {[%emt 0:08:34]} 14. Nd2 {[%emt 0:02:43]} Kf8 {[%emt 0:05:26]} 15. Nb3 {[%emt 0:00:08]} Rac8 {[%emt 0:02:50]} 16. Bg5 {[%emt 0:05:11]} Nc4 {[%emt 0:06:59]} 17. f3 {[%emt 0:10:54]} Nxb2 {[%emt 0:09:53]} 18. Na5 {[%emt 0:00:06]} Ba8 {[%emt 0:02:23]} 19. Rab1 {[%emt 0:00:08]} Nc4 {[%emt 0:00:21]} 20. Nxc4 {[%emt 0:00:07]} bxc4 {[%emt 0:00:02]} 21. Red1 {[%emt 0:01:38]} Bc6 {[%emt 0:03:39]} 22. Rb6 {[%emt 0:03:10]} Rb8 {[%emt 0:02:32]} 23. Rdb1 {[%emt 0:02:05]} Rxb6 {[%emt 0:02:11]} 24. Rxb6 {[%emt 0:00:40]} a5 {[%emt 0:00:16]} 25. Be3 {[%emt 0:00:31]} Rc8 {[%emt 0:02:41]} 26. Bxc5+ {[%emt 0:00:09]} Ke8 {[%emt 0:00:24]} 27. Bd6 {[%emt 0:00:36]} Kd8 {[%emt 0:01:42]} 28. Kf2 {[%emt 0:02:58]} Ne8 {[%emt 0:01:30]} 29. Bg3 {[%emt 0:01:46]} Nc7 {[%emt 0:03:25]} 30. a4 {[%emt 0:04:42]} Ke7 {[%emt 0:04:38]} 31. Bxc7 {[%emt 0:04:17]} Rxc7 {[%emt 0:00:06]} 32. Ke3 {[%emt 0:00:07]} d6 {[%emt 0:06:48]} 33. Ra6 {[%emt 0:01:01]} Kd7 {[%emt 0:00:35]} 34. Rxa5 {[%emt 0:00:26]} Rb7 {[%emt 0:00:12]} 35. h4 {[%emt 0:01:02]} Kc7 {[%emt 0:00:54]} 36. g4 {[%emt 0:01:56]} Rb2 {[%emt 0:00:26]} 37. Bd1 {[%emt 0:00:42]} Ra2 {[%emt 0:01:16]} 38. Ra7+ {[%emt 0:00:28]} Bb7 {[%emt 0:00:06]} 39. Ra5 {[%emt 0:00:57]} Bc6 {[%emt 0:00:06]} 40. e5 {[%emt 0:01:55]} d5 {[%emt 0:01:50]} 41. Ra7+ {[%emt 0:04:02]} Bb7 42. Ra5 Bc6 {[%emt 0:00:25]} 1/2-1/2

[Event "Croatian junior league 2021"]
[Site "Rabac"]
[Date "2021.04.08"]
[Round "6.4"]
[White "Martic, Filip"]
[Black "Bedic, Noemi"]
[Result "1-0"]
[WhiteElo "1756"]
[BlackElo "1587"]
[Annotator "NA"]
[PlyCount "65"]
[EventDate "2021.04.06"]
[EventType "swiss"]
[EventCountry "CRO"]
[SourceTitle "playchess.com"]
[Source "ChessBase"]
[SourceQuality "1"]
[TimeControl "5400+30"]

1. d4 {[%emt 0:00:00]} Nf6 {[%emt 0:03:58]} 2. Nf3 {[%emt 0:00:00]} g6 {[%emt 0:00:11]} 3. Nc3 {[%emt 0:00:37]} d5 {[%emt 0:00:06]} 4. Bf4 {[%emt 0:00:08]} Bg7 {[%emt 0:00:05]} 5. e3 {[%emt 0:01:18]} O-O {[%emt 0:00:17]} 6. Qd2 {[%emt 0:01:19]} c6 {[%emt 0:07:14]} 7. Be2 {[%emt 0:03:53]} e6 {[%emt 0:00:55]} 8. Ne5 {[%emt 0:02:08]} Nbd7 {[%emt 0:00:09]} 9. h4 {[%emt 0:02:38]} c5 {[%emt 0:03:29]} 10. h5 {[%emt 0:06:36]} Ne4 {[%emt 0:04:17]} 11. Nxe4 {[%emt 0:01:33]} dxe4 {[%emt 0:00:07]} 12. hxg6 {[%emt 0:02:31]} hxg6 {[%emt 0:00:14]} 13. Ng4 {[%emt 0:03:02]} Qb6 {[%emt 0:05:10]} 14. O-O-O {[%emt 0:02:27]} Rd8 {[%emt 0:01:51]} 15. Nh6+ {[%emt 0:02:18]} Kf8 {[%emt 0:00:32]} 16. c3 {[%emt 0:01:21]} Nf6 {[%emt 0:04:45]} 17. Be5 {[%emt 0:04:21]} Nd5 {[%emt 0:05:33]} 18. dxc5 {[%emt 0:08:03]} Qxc5 {[%emt 0:00:33]} 19. Bd4 {[%emt 0:00:23]} Qc7 {[%emt 0:02:33]} 20. Bxg7+ {[%emt 0:00:40]} Kxg7 {[%emt 0:00:09]} 21. Qd4+ {[%emt 0:00:46]} Kf8 {[%emt 0:00:21]} 22. Qh8+ {[%emt 0:01:36]} Ke7 {[%emt 0:00:08]} 23. Qg7 {[%emt 0:02:16]} Rf8 {[%emt 0:00:31]} 24. Rxd5 {[%emt 0:02:27]} exd5 {[%emt 0:00:16]} 25. Ng8+ {[%emt 0:00:07]} Rxg8 {[%emt 0:08:19]} 26. Qxg8 {[%emt 0:01:30]} Qd8 {[%emt 0:05:16]} 27. Qg7 {[%emt 0:00:32]} Qa5 {[%emt 0:01:30]} 28. Rh8 {[%emt 0:01:23]} Qxa2 {[%emt 0:00:52]} 29. Qe5+ {[%emt 0:00:28]} Be6 {[%emt 0:00:20]} 30. Rxa8 {[%emt 0:00:22]} Qa1+ {[%emt 0:00:07]} 31. Kc2 {[%emt 0:00:04]} Qa4+ {[%emt 0:00:07]} 32. Kb1 {[%emt 0:00:08]} d4 {[%emt 0:00:44]} 33. Qc5+ {[%emt 0:00:21]} 1-0

[Event "Croatian junior league 2021"]
[Site "Rabac"]
[Date "2021.04.08"]
[Round "6.5"]
[White "Colev, Ivor"]
[Black "Novosel, Marko"]
[Result "1/2-1/2"]
[WhiteElo "1847"]
[BlackElo "2130"]
[Annotator "NA"]
[PlyCount "63"]
[EventDate "2021.04.06"]
[EventType "swiss"]
[EventCountry "CRO"]
[SourceTitle "playchess.com"]
[Source "ChessBase"]
[SourceQuality "1"]
[TimeControl "5400+30"]

1. e4 {[%emt 0:00:00]} c6 {[%emt 0:00:00]} 2. d4 {[%emt 0:00:00]} d5 {[%emt 0:00:00]} 3. e5 {[%emt 0:00:00]} Bf5 {[%emt 0:00:00]} 4. Nf3 {[%emt 0:00:00]} e6 {[%emt 0:00:00]} 5. Be2 {[%emt 0:00:00]} h6 {[%emt 0:00:30]} 6. O-O {[%emt 0:00:07]} g5 {[%emt 0:00:45]} 7. c4 {[%emt 0:02:34]} g4 {[%emt 0:08:58]} 8. Ne1 {[%emt 0:06:36]} h5 {[%emt 0:00:36]} 9. f4 {[%emt 0:00:15]} dxc4 {[%emt 0:03:22]} 10. Bxc4 {[%emt 0:05:17]} Nd7 {[%emt 0:01:00]} 11. Bd3 {[%emt 0:01:32]} Ne7 {[%emt 0:00:30]} 12. Nc2 {[%emt 0:03:24]} Nb6 {[%emt 0:03:36]} 13. Nc3 {[%emt 0:04:19]} Nbd5 {[%emt 0:02:15]} 14. Nxd5 {[%emt 0:01:25]} Qxd5 {[%emt 0:00:23]} 15. Be3 {[%emt 0:00:28]} O-O-O {[%emt 0:01:11]} 16. Nb4 {[%emt 0:05:36]} Qa5 {[%emt 0:01:51]} 17. a3 {[%emt 0:05:26]} Bxd3 {[%emt 0:01:37]} 18. Qxd3 {[%emt 0:01:45]} Nf5 {[%emt 0:00:35]} 19. Rfd1 {[%emt 0:11:21]} h4 {[%emt 0:03:23]} 20. Qe4 {[%emt 0:07:34]} h3 {[%emt 0:03:14]} 21. g3 {[%emt 0:01:36]} Nxe3 {[%emt 0:02:33]} 22. Qxe3 {[%emt 0:00:07]} Bxb4 {[%emt 0:00:14]} 23. axb4 {[%emt 0:00:11]} Qxb4 {[%emt 0:00:12]} 24. Rxa7 {[%emt 0:04:56]} Qxb2 {[%emt 0:02:36]} 25. Qe4 {[%emt 0:03:25]} Qc3 {[%emt 0:27:14]} 26. Rb1 {[%emt 0:08:01]} Rxd4 {[%emt 0:02:11]} 27. Raxb7 {[%emt 0:01:38]} Rd1+ {[%emt 0:00:12]} 28. Rxd1 {[%emt 0:00:08]} Kxb7 {[%emt 0:00:02]} 29. Qb1+ {[%emt 0:15:32]} Kc7 {[%emt 0:00:36]} 30. Rd7+ {[%emt 0:02:13]} Kxd7 {[%emt 0:00:06]} 31. Qb7+ {[%emt 0:00:04]} Ke8 {[%emt 0:00:31]} 32. Qb8+ {[%emt 0:00:48]} 1/2-1/2